Normal view
MARC view
- Betty Schrampfer Azar
Entry Personal Name
001 - CONTROL NUMBER
- control field: 4699
003 - CONTROL NUMBER IDENTIFIER
- control field: OSt
005 - DATE AND TIME OF LATEST TRANSACTION
- control field: 20220918064809.0
008 - FIXED-LENGTH DATA ELEMENTS
- fixed length control field: 220918|| aca||aabn | a|a d
040 ## - CATALOGING SOURCE
- Original cataloging agency: OSt
- Transcribing agency: OSt
100 ## - HEADING--PERSONAL NAME
- Personal name: Betty Schrampfer Azar
670 ## - SOURCE DATA FOUND
- Source citation: Work cat.: (OSt)3060: 4696 Azar, Betty Schrampfer , Basic English Grammar : , c1941
